| 000 | 01289nas a2200349 c 4500 | ||
|---|---|---|---|
| 001 | 25028 | ||
| 003 | ES-MaCES | ||
| 005 | 20160912111005.0 | ||
| 008 | 950505d1991 sp b| | |spa d | ||
| 035 |
_aCES19980000088p _z10008 |
||
| 040 |
_aES-MaCES _bspa _cES-MaCES |
||
| 245 | 0 | 0 |
_aBando _b: revista del Ministerio para las Administraciones Públicas |
| 260 |
_aMadrid _bInstituto Nacional de Administración Pública, Ministerio para las Administraciones Públicas, con la colaboración del Banco de Crédito Local |
||
| 300 |
_av. _c27 cm |
||
| 310 | _aBimestral | ||
| 500 | _aBibliografía | ||
| 500 | _aDescripción basada en: n. 18 (ene.-feb. 1993) | ||
| 541 | _cGratuito | ||
| 592 | _aCerrada | ||
| 650 | 4 |
_aEspaña _926964 |
|
| 650 | 4 |
_apolítica de desarrollo _927014 |
|
| 650 | 4 |
_agobierno local _927219 |
|
| 650 | 4 |
_aadministración pública _927214 |
|
| 653 | 1 | 0 | _aAdministración-Instituciones públicas |
| 710 | 2 |
_aInstituto Nacional de Administración Pública (España) _94265 |
|
| 710 | 1 |
_aEspaña _bMinisterio para las Administraciones Públicas _93278 |
|
| 853 | 2 | 1 |
_bn. _iaño _jmes _vc _wb |
| 866 | 0 |
_a1993-1995 (1996). _zUbicación: EXT-1 _zUbicación: EXT-2 |
|
| 905 | _p+ | ||
| 942 |
_2CES _cCR _h6.3. |
||
| 999 |
_c25028 _d25028 |
||